Περιφέρειες της Ελλάδας - Κουίζ Χάρτη - Statistics

General Stats
  • This quiz has been taken 106 times
  • The average score is 11 of 14
Answers on the Map
Answers color-coded by a green-red scale on the quiz's map according to % correct below.
 
Answer Stats
Answer % Correct
Ανατολική Μακεδονία και Θράκη
88%
Ιόνια Νησιά
83%
Άγιος Όρος
81%
Κρήτη
79%
Θεσσαλία
78%
Δυτική Ελλάδα
76%
Δυτική Μακεδονία
74%
Νότιο Αιγαίο
74%
Κεντρική Μακεδονία
71%
Ήπειρος
71%
Αττική
71%
Πελοπόννησος
71%
Βόρειο Αιγαίο
69%
Στερεά Ελλάδα
67%
No matching quizzes found
Score Distribution
Percent of People with Each Score
Percentile by Number Answered
Your Score History
You have not taken this quiz